American Shows by Supporting Character #2 - Statistics

General Stats
  • This quiz has been taken 20 times
  • The average score is 11 of 22
Answer Stats
Character Show % Correct
Raj Koothrappali The Big Bang Theory
100%
Mr. Burns The Simpsons
100%
Newman Seinfeld
73%
Sandy Cheeks SpongeBob SquarePants
73%
Ricky Ricardo I Love Lucy
67%
Major "Hot Lips" M*A*S*H
67%
Grover Sesame Street
67%
Carla Tortelli Cheers
60%
Master Splinter Teenage Mutant Ninja Turtles
60%
Butters South Park
53%
Red Forman That '70s Show
53%
Uncle Phil The Fresh Prince of Bel-Air
53%
Boomhauer King of the Hill
47%
Dr. Izzie Stevens Grey's Anatomy
33%
Paulie Walnuts The Sopranos
33%
Andrea Zuckerman Beverly Hills, 90210
27%
Professor Farnsworth Futurama
27%
Daria Beavis and Butt-Head
20%
Dr. James Wilson House
20%
Hurley Reyes Lost
20%
Matt Foley Saturday Night Live
20%
Janitor Scrubs
13%
No matching quizzes found
Score Distribution
Percent of People with Each Score
Percentile by Number Answered
Your Score History
You have not taken this quiz